Measures and differential equations in infinite-dimensional space

Αποθηκεύτηκε σε:
Λεπτομέρειες βιβλιογραφικής εγγραφής
Κύριος συγγραφέας: Daletskii, IU. L. (IUrii Lvovich)
Άλλοι συγγραφείς: Fomin, S. V. (Sergei Vasilevich)
Μορφή: Βιβλίο
Γλώσσα:English
Russian
Δημοσίευση: Dordrecht : Boston : Kluwer Academic Publishers, c1991
Σειρά:Mathematics and its applications. Soviet series ; ; 76
Θέματα:
Ετικέτες: Προσθήκη ετικέτας
Δεν υπάρχουν, Καταχωρήστε ετικέτα πρώτοι!

MARC

LEADER 00000cam a2200000 i 4500
001 1/42914
008 941103s1991 eng d
020 |a 0792315170 
035 |l 10041894 
035 |a 1993 
035 |a 1993  |c ΧΑΤΖΗΣΑΒΒΑΣ 
040 |a GR-MY-UA  |b gre  |e aacr 
041 0 |a eng  |h rus 
082 0 |a 515.42  |2 (20) 
100 1 |a Daletskii, IU. L.  |q (IUrii Lvovich) 
245 1 0 |a Measures and differential equations in infinite-dimensional space /  |c by Yu. L. Dalecky and S.V. Fomin 
260 |a Dordrecht :   |a Boston :   |b Kluwer Academic Publishers,   |c c1991 
300 |a xv, 337 p.;  |c 25 cm 
490 1 |a Mathematics and its applications. Soviet series  |v ; 76 
500 |a Translation of: Mery i differenλtμsialʹnye uravneniia v beskonechnomernykh prostranstvakh 
504 |a Includes bibliographical references and index 
650 0 0 |a Measure theory. 
650 0 0 |a Differential equations. 
700 1 |a Fomin, S. V.  |q (Sergei Vasilevich) 
830 0 |a Mathematics and its applications. Soviet series ;  |v ; 76 
852 |a INST  |b SAMOS  |e 19941103  |h 515.42 DAL  |p 005300003558  |q 005300003558  |t BK  |y 0 
852 |a INST  |b SAMOS  |e 19941103  |h 515.42 DAL  |p 005300007358  |q 005300007358  |t BK  |y 0 
909 |a Σ  |b 030414 
909 |a Σ  |b 029733